| 000 | 00943nam a2200229 a 4500 | ||
|---|---|---|---|
| 001 | 12929 | ||
| 003 | BD-JhCC | ||
| 005 | 20230605082027.0 | ||
| 008 | 230605s2021 b |||| |||| 000 0 b d | ||
| 020 | _a9789849570363 | ||
| 035 | _a(BD-JhCC)12929 | ||
| 040 |
_aBD-JhCC _dBD-JhCC |
||
| 041 | _aben | ||
| 082 |
_a297.74 _bTHA 2021 |
||
| 100 | _aথানভী, আশরাফ আলী | ||
| 245 |
_aবিশ্বাস ও কর্মে প্রচলিত ভুল-ভ্রান্তি / _cআশরাফ আলী থানভী রহ.; আবুল বাশার মুহাম্মদ সাইফুল ইসলাম (অনু.) |
||
| 260 |
_aঢাকা : _bআলোকধারা, _c২০২১ |
||
| 300 |
_a৩৩৬ পৃ. : _c২১ সেমি. |
||
| 650 |
_aDawah _xIslam. |
||
| 700 | _aইসলাম, আবুল বাশার মুহাম্মদ সাইফুল | ||
| 942 |
_2ddc _cBK |
||
| 999 |
_c12929 _d12929 |
||